Naruto, de A à Z - Statistiques

Statistiques générales
  • Ce quiz a été pris 778 fois
  • Le résultat moyen est 17 sur 26
Statistiques - réponses
Indices Reponses % Correct
Chien ninja associé à Kiba Akamaru
93%
Konoha se trouve dans le pays de cet élément Feu
85%
Épouse du 7ème Hokage Hinata
84%
Surnommé Ero-Sennin, l'ermite pervers par son disciple Jiraya
84%
Grand lecteur du paradis du batifolage Kakashi
83%
Naruto et Sasuke perdent le leur lors de leur ultime affrontement Bras
82%
L un des trois Sannins au côté de Jiraya et Tsunade Orochimaru
81%
Célèbre pupille attribut des Uchiwa Sharingan
79%
Nom de famille du réceptacle de Kyubi Uzumaki
75%
Le clan Aburame sait les contrôler Insectes
73%
Être végétal présentant une partie noire et une blanche Zetsu
72%
Art de manipuler les illusions Genjutsu
71%
Pupille de l ermite Rikudo dont Nagato ou Sasuke ont hérité Rinnegan
71%
Élément permettant entre autres d ériger des murs Doton
69%
Nombre de queue de Yonbi - Son Goku Quatre
69%
Originaire de Suna, épouse d un manipulateur d'ombre Temari
69%
Élément permettant de créer forêts et maisons Mokuton
68%
Taille de vêtements qui sierait probablement le mieux à Choji après son decuplement XXL
65%
Le Kage Bunshin No Jutsu permet d en invoquer Clone
60%
Fondateur d Akatsuki, mort pour protéger ses 2 compagnons Yahiko
56%
Le plus petit des chiens invoqué par Kakashi et pas forcément le plus mignon Pakkun
55%
Demon chat à deux queues également appelé Matatabi Nibi
34%
Technique utilisé par A et Killer Bee inspirée du catch et consistant à se précipiter bras levé vers la gorge de l adversaire Lariat
33%
8 jeux de cet univers sont sortis sur cette console Wii
30%
Pays dans lequel Naruto affronta Haku Vagues
25%
Harmonia, Wind, Viva Rock sont certains de ceux de l animé Ending
17%
Aucun quiz correspondant
Distribution des résultats
% des personnes avec chaque résultat
Percentile par nombre de réponses
Votre historique - résultats
Vous n’avez pas pris ce quiz